Logo Biblioteca

Medio m2 de coexistencia / (Registro nro. 260)

Detalles MARC
000 -LEADER
fixed length control field 01224nam a22001817a 4500
003 - CONTROL NUMBER IDENTIFIER
control field OSt
005 - DATE AND TIME OF LATEST TRANSACTION
control field 20240529123414.0
008 - FIXED-LENGTH DATA ELEMENTS--GENERAL INFORMATION
fixed length control field 240529s2013 ag ||||| |||| 00| 1 spa d
020 ## - INTERNATIONAL STANDARD BOOK NUMBER
International Standard Book Number 9789871950058
040 ## - CATALOGING SOURCE
Transcribing agency besoc
100 1# - MAIN ENTRY--PERSONAL NAME
Personal name Garbatzky, Irina
245 10 - TITLE STATEMENT
Title Medio m2 de coexistencia /
Statement of responsibility, etc. Irina Garbatzky
260 ## - PUBLICATION, DISTRIBUTION, ETC.
Place of publication, distribution, etc. Rosario :
Name of publisher, distributor, etc. El Ombú Bonsai,
Date of publication, distribution, etc. 2013
300 ## - PHYSICAL DESCRIPTION
Extent 74 p.
520 ## - SUMMARY, ETC.
Summary, etc. Medio m2 de coexistencia es ese diario como si se tratará de una habitación que la resguarda. Allí, ella se encierra (o se abre) en un discurso melancólico -a veces de ironía-, para reflexionar en torno a sí misma y a ese otro mundo que, metaforizado en su familia, la atrae al mismo tiempo que la aleja, la incluye al mismo tiempo que la niega. En relación a esto, el diario abunda en imágenes poéticas que insisten en problematizar la condición de inmigrante, la Tierra Prometida -que se perfila como su reverso-, el discurso bélico que, en la lucha por defender sus fronteras, puede leerse como la metáfora de su propia existencia. Ella es, y no su familia. Ella es extranjera en todo lugar incluso, en sí misma.- [Nota del editor]
650 #4 - SUBJECT ADDED ENTRY--TOPICAL TERM
Topical term or geographic name entry element Literatura argentina
Form subdivision Diarios íntimos
Chronological subdivision Siglo XXI
942 ## - ADDED ENTRY ELEMENTS (KOHA)
Source of classification or shelving scheme Universal Decimal Classification
Koha item type Obra General
Suppress in OPAC No
Existencias
Withdrawn status Lost status Source of classification or shelving scheme Damaged status Not for loan Collection Home library Current library Date acquired Total checkouts Full call number Barcode Date last seen Price effective from Koha item type
    Universal Decimal Classification     Colección General Biblioteca Escuela de Ciencias Sociales Biblioteca Escuela de Ciencias Sociales 29/05/2024   82-9(821.6) G213 000315 29/05/2024 29/05/2024 Obra General
Biblioteca de la Escuela Preuniversitaria en Ciencias Sociales y Humanísticas.
Riobamba 250 bis.
CP 2000 - Rosario - Santa Fe
E-Mail: biblioteca@esociales.unr.edu.ar